Central Library OPAC University of Rajshahi

পুরাতনী (Record no. 56116)

MARC details
000 -LEADER
fixed length control field 00946nam a2200229 a 4500
001 - CONTROL NUMBER
control field 56116
003 - CONTROL NUMBER IDENTIFIER
rucl marc code BD-RjUL
005 - DATE AND TIME OF LATEST TRANSACTION
control field 20211209080344.0
008 - FIXED-LENGTH DATA ELEMENTS--GENERAL INFORMATION
fixed length control field 161126s1939 ii ||||| |||| 00| 0 b d
035 ## - SYSTEM CONTROL NUMBER
System control number (BD-RjUL)56240
040 ## - CATALOGING SOURCE
Original cataloging agency BD-RjUL
Language of cataloging ben
Transcribing agency BD-RjUL
Modifying agency BD-RjUL
041 ## - LANGUAGE CODE
Language code of text/sound track or separate title ben
082 ## - DEWEY DECIMAL CLASSIFICATION NUMBER
Edition number 23
Classification number 891.4409
Author mark and year SEP 1939
100 ## - MAIN ENTRY--PERSONAL NAME
Personal name সেন, দীনেশ্চন্দ্র
9 (RLIN) 123268
245 ## - TITLE STATEMENT
Title পুরাতনী
Remainder of title (মুশ্লিম নারী-চিত্র) /
Statement of responsibility, etc. দীনেশ্চন্দ্র সেন
250 ## - EDITION STATEMENT
Edition statement ২য় সং.
260 ## - PUBLICATION, DISTRIBUTION, ETC. (IMPRINT)
Place of publication, distribution, etc. কলিকাতা
Name of publisher, distributor, etc. গুরুদাস চট্টোপাধ্যায়,
Date of publication, distribution, etc. ১৯৩৯
300 ## - PHYSICAL DESCRIPTION
Pagination [১৭], ১৮০ পৃ. ;
Size ১৫ সেমি.
650 ## - SUBJECT ADDED ENTRY--TOPICAL TERM
Topical term or geographic name as entry element বাংলা সাহত্য
Form subdivision ইতিহাস ও সমালোচনা
9 (RLIN) 167060
Topical term or geographic name as entry element Bengali literature
Form subdivision History and criticism
9 (RLIN) 167061
942 ## - ADDED ENTRY ELEMENTS (KOHA)
Source of classification or shelving scheme Dewey Decimal Classification
Koha item type Books
Holdings
Lost status Source of classification or shelving scheme Damaged status Not for loan Collection code Permanent Location Current Location Shelving location Date acquired Source of acquisition Cost, normal purchase price Total Checkouts Full call number Date last seen Date checked out Copy number Koha item type
  Dewey Decimal Classification     Non-fiction Central Library, University of Rajshahi Central Library, University of Rajshahi   03/02/1958 Kamala book 1.25 2 B 891.4409 SEP 1939 25/02/2024 10/10/2023 C-2 Books